LEADER 01009nam a2200181 i 4500 001 000000055879 003 CaOOAMICUS 005 19970716000000.0 008 970716n xx u000 u fre u 013 $a27051 040 $aSeMil$bita 100 1 $aMorency, Robert,$c.$0(OLS)http://semarc/name/28157 245 12$aL'union du juste à Dieu par voie de connaissance et d'amour. Montréal :$bL'Immaculée-Conception, 1950. ((Excerpta ex dissertatione ad Lauream in Facultate Theologica Pontificiae Universitatis Gregorianae. 650 4$aTeologia - Saggi.$0(OLS)http://semarc/subject/231 650 4$aTesi di laurea.$0(OLS)http://semarc/subject/1690 850 $aSeMil 852 $aSeMil$W1$xVenegono$y1$m2I IV 42$j22033$B22033$CSeMilBibl$Z2$F22035 $81 996 $6245$aL'union du juste à Dieu par voie de connaissance et d'amour. Montréal :$bL'Immaculée-Conception, 1950. ((Excerpta ex dissertatione ad Lauream in Facultate Theologica Pontificiae Universitatis Gregorianae.$9(OLS)http://semarc/title/86758 LEADER 00888nam a2200229 i 4500 001 000000110828 003 CaOOAMICUS 005 20021217000000.0 008 021217s1950 it u000 u ita u 013 $a83509 040 $aSeMil$bita 100 1 $aCagna, Nuccia.$0(OLS)http://semarc/name/46449 245 10$aGerolamo Savonarola /$cNuccia Cagna. 260 $aTorino [etc.] :$bSEI,$c1950. 300 $aXI, 254 p., [14] c. di tav. ;$c22 cm. 500 $aContiene : nota bibliografica. 600 14$aSavonarola, Girolamo .$0(OLS)http://semarc/subject/1591 850 $aSeMil 852 $aSeMil$W1$xVenegono$y1$m54 56 *$j66687$B66687$CSeMilBibl$Z2$F73452 $81 961 $aRecupero: Biblioteca Seminario Liceale 996 $6245$aGerolamo Savonarola$9(OLS)http://semarc/title/161160 996 $6260$aTorino [etc.] :$bSEI$9(OLS)http://semarc/publisher/32375